Разработка и реализация динамической базы данных для крупнотоннажных производств получения метанола
| Corporate Author: | |
|---|---|
| Other Authors: | , , , |
| Summary: | Деп. в ВИНИТИ 10.02.99, № 440-В99 Объектом внимания данной статьи является разработка и реализация динамической базы данных для крупнотоннажных производств получения метанола, на примере действующей установки агрегата М-750 ООО "Метанол" ОАО "ТНХК". Целью данной работы является показать основные этапы разработки и применения баз данных. Методы проведения работы заключаются в подробном рассмотрении основных этапов построения динамической базы данных, а так же выборе способов хранения информации, структуризации данных, программных средств. В результате работы была создана динамическая база данных на примере действующей установки агрегата М-750 ООО "Метанол" ОАО "ТНХК". Отмечается, что функционирование данной базы данных осуществляется с помощью программных средств интегрированной среды Turbo-Vision. Реализуется данная среда на программируемом языке Turbo-Pascal с использованием объектно-ориентированной библиотеки "Turbo-Vision". Область применения данной статьи широка. Статья может быть полезной как для технологического персонала действующих производств получения метанола, так и для обучения студентов и молодых специалистов. В фонде НТБ ТПУ отсутствует |
| Language: | Russian |
| Published: |
Томск, 1999
|
| Subjects: | |
| Format: | Book |
| KOHA link: | https://koha.lib.tpu.ru/cgi-bin/koha/opac-detail.pl?biblionumber=599692 |
MARC
| LEADER | 00000nam0a2200000 4500 | ||
|---|---|---|---|
| 001 | 599692 | ||
| 005 | 20231101132053.0 | ||
| 029 | 0 | 0 | |a RU |b № 440-В99 |f ВИНИТИ |
| 035 | |a (RuTPU)RU\TPU\tpu\23823 | ||
| 035 | |a RU\TPU\tpu\23811 | ||
| 090 | |a 599692 | ||
| 100 | |a 20131025j19990210k y0rusy50 ca | ||
| 101 | 0 | |a rus | |
| 102 | |a RU | ||
| 105 | |a y z 000zy | ||
| 200 | 1 | |a Разработка и реализация динамической базы данных для крупнотоннажных производств получения метанола |f А. В. Кравцов [и др.] |g Томский политехнический университет (ТПУ) | |
| 210 | |a Томск |d 1999 | ||
| 215 | |a 7 с. | ||
| 300 | |a Деп. в ВИНИТИ 10.02.99, № 440-В99 | ||
| 330 | |a Объектом внимания данной статьи является разработка и реализация динамической базы данных для крупнотоннажных производств получения метанола, на примере действующей установки агрегата М-750 ООО "Метанол" ОАО "ТНХК". Целью данной работы является показать основные этапы разработки и применения баз данных. Методы проведения работы заключаются в подробном рассмотрении основных этапов построения динамической базы данных, а так же выборе способов хранения информации, структуризации данных, программных средств. В результате работы была создана динамическая база данных на примере действующей установки агрегата М-750 ООО "Метанол" ОАО "ТНХК". Отмечается, что функционирование данной базы данных осуществляется с помощью программных средств интегрированной среды Turbo-Vision. Реализуется данная среда на программируемом языке Turbo-Pascal с использованием объектно-ориентированной библиотеки "Turbo-Vision". Область применения данной статьи широка. Статья может быть полезной как для технологического персонала действующих производств получения метанола, так и для обучения студентов и молодых специалистов. | ||
| 333 | |a В фонде НТБ ТПУ отсутствует | ||
| 610 | 1 | |a труды учёных ТПУ | |
| 610 | 1 | |a депонированные рукописи | |
| 701 | 1 | |a Кравцов |b А. В. |c химик-технолог |c профессор-консультант Томского политехнического университета, доктор технических наук |f 1938-2012 |g Анатолий Васильевич |x TPU |2 stltpush |3 (RuTPU)RU\TPU\pers\19827 | |
| 701 | 1 | |a Новиков |b А. А. | |
| 701 | 1 | |a Коваль |b П. И. | |
| 701 | 1 | |a Навоенко |b С. В. | |
| 712 | 0 | 2 | |a Томский политехнический университет (ТПУ) |c (1991-2009) |2 stltpush |3 (RuTPU)RU\TPU\col\376 |
| 801 | 1 | |a RU |b 63413507 |c 20120220 | |
| 801 | 2 | |a RU |b 63413507 |c 20131028 |g RCR | |
| 942 | |c BK | ||